00359nam a22001457a 4500003000700000005001700007008004100024082001600065100002000081245003600101250001700137260002800154300000800182650002300190MPLRDC20220104123314.0210129b ||||| |||| 00| 0 eng d a947.415 RH  a任洪等编写 a中国人的故事. 第一卷c a一版一刷 ab重庆出版社c1983 b平 a中国历史漫画